00821nam a2200253Ia 450000500170000000800410001702000150005804100080007308200180008124501050009925000220020430000340022649000170026065000360027765000250031365000310033865000290036970000190039826400270041733600270044433700330047133800280050404000350053220220316235637.0121119s2002 sp a gr 000 0 spa  a84788412960 aspa04a370.117 bE2800aEducación interculturalbanálisis resolución de conflictoscBeatriz Aguilera Reija ... [et.al] aPrimera edición a268 páginas bilustraciones0 aTiempo libre14aEducación intercultural2LEMB14aMetodología 2LEMB14aEducación y estado2LEMB14aMulticulturalismo 2LEMB1 aReija, Beatriz aMadrid bPopularc2002 atextobtxt2rdacontent asin mediaciónbn2rdamedia avolumenbnc2rdacarrier aCO-BoRNBPbspaerdacCO-BoRNBP